Informačná spoločnosť - Informačná štruktúra a ľudské zdroje

Fenomén informovanosti v informačnej spoločnosti v 21. storočí. Informačná infraštruktúra v informačnej spoločnosti. Päť prístupov k informačnej spoločnosti. Stav informačnej infraštruktúry na Slovensku. Podpora prepojenia systému odborného vzdelávania s požiadavkami spoločnosti založenej na vedomos...

Description complète

Enregistré dans:
Détails bibliographiques
Auteur principal: Potisková, Ingrid
Format: Chapitre de livre
Langue:slovaque
Sujets:
Tags: Ajouter un tag
Pas de tags, Soyez le premier à ajouter un tag!

MARC

LEADER 00000nla$a2200000$$$4500
001 0067437
005 20240502071817.6
041 0 |a slo 
044 |a SK 
245 1 0 |a Informačná spoločnosť - Informačná štruktúra a ľudské zdroje  |c Ingrid Potisková 
520 |a Fenomén informovanosti v informačnej spoločnosti v 21. storočí. Informačná infraštruktúra v informačnej spoločnosti. Päť prístupov k informačnej spoločnosti. Stav informačnej infraštruktúry na Slovensku. Podpora prepojenia systému odborného vzdelávania s požiadavkami spoločnosti založenej na vedomostiach. 
610 2 0 |a spoločnosť informačná 
610 2 0 |a infraštruktúra informačná 
610 2 0 |a technológie informačné 
610 2 0 |a technológie komunikačné 
610 2 0 |a spoločnosť vedomostná 
100 1 |a Potisková, Ingrid